000 00906cam a2200265 i 4500
001 49125
003 Mx-PuUPA
005 20220801084221.0
008 140415s2007 mx a r 000 0 spa d
020 _a968561055X
040 _aMX-PuUPA
_bspa
_erda
_cMx-PuUPA
_dMx-PuUPA
041 0 _aspa
100 1 _aRivera Luna, Roberto,
_eautor
_95628
245 1 3 _aEl niño con cáncer :
_blos padecimientos más comunes para el médico no especialista /
_cRoberto Rivera Luna.
250 _aPrimera edición
264 1 _aMéxico, D.F. :
_bEditores de Textos Mexicanos,
_c2007
300 _axviii, 325 páginas :
_bilustraciones ;
_c24 cm.
336 _atexto
_2rdacontent
_btxt
337 _asin medio
_2rdamedia
_bn
338 _avolumen
_2rdacarrier
_bnc
650 7 _aTumores en niños
_2armarc
942 _2ddc
_cLI
_h618.92994
_iR616
999 _c49125
_d49125